| 000 | 00855cam a22001934a 4500 | ||
|---|---|---|---|
| 005 | 20250605164036.0 | ||
| 008 | 250528s ||||||||||||||||||||||||d | ||
| 035 | _a16824 | ||
| 040 |
_aGR-AtMCL _bgre _dGR-AtMCL _eAACR2 |
||
| 245 | 1 | _aΛεξικόν Τηλεπικοινωνίας / Telecommunication Dictionary | |
| 260 |
_bΑθήνα, _c1952 |
||
| 300 | _a498 | ||
| 520 | _aΠρόλογος ,Acknowledgements, Γενικοί Όροι, Τηλεγραφία, Τηλεφωνία, Ραδιεπικοινωνία, Ραδιοφωνία, Τηλεόρασις, Ραδιογωνιομετρία, Ραδιεντοπισμός (Ραντάρ), Ελληνικόν Ευρετήριον, Αγγλικόν Ευρετήριον. | ||
| 700 | 1 |
_aΜπαταϊμής Διονύσιος _92913 |
|
| 942 | _cBK | ||
| 999 |
_c2278 _d2278 |
||